000 00790nam a2200241Ia 4500
003 OSt
005 20220923213216.0
006 a|||||r|||| 00| 0
007 ta
008 220922b |||||||| |||| 00| 0 hin d
024 _a159,894
037 _cTextual
040 _aARTS
_cARTS
_bhin
041 _2hin
_ahin
082 _aO152,3:g, L3
100 _aमदान, इन्द्र नाथ, संपा.
245 0 _aहिन्दी उपन्यास
_b पहचान और परख
246 _aHindī upanyāsa: pahachān aur parakha
260 _c1973
650 _aहिन्दी साहित्य
_9156264
942 _hO152,3:g, L3
_cTEXL
_2CC
999 _c314641
_d314641